| 000 | 01385nac a22002771i 4500 | ||
|---|---|---|---|
| 003 | EG-ScBUE | ||
| 005 | 20231213100148.0 | ||
| 008 | 121128k19831986ua f b 000 0 ara d | ||
| 017 | _a1978 / 5108 | ||
| 020 | _a2662728 | ||
| 040 |
_aEG-ScBUE _bara _erda _cEG-ScBUE _dEG-ScBUE |
||
| 082 | 0 | 4 |
_a956.015 _bش ن ا _222 |
| 100 | 1 |
_aشناوي، عبد العزيز محمد، _eمؤلف. |
|
| 245 | 1 | 2 |
_aالدولة العثمانية : _bدولة إسلامية مفترى عليها / _cتأليف أستاذ دكتور عبد العزيز محمد الشناوي، أستاذ التاريخ الحديث والمعاصر ورئيس قسم التاريخ بكلية الدراسات الإنسانية بجامعة الأزهر، فرع البنات بالقاهرة. |
| 250 | _aالطبعة الثانية. | ||
| 264 | 1 |
_aالقاهرة : _bمكتبة الأنجلو المصرية، _c1983-1986. |
|
| 300 |
_a4 مجلدات ؛ _c24 سم |
||
| 336 |
_2rdacontent _aنص _btxt |
||
| 337 |
_aبدون وسيط _2rdamedia _bn |
||
| 338 |
_aمجلد _bnc _2rdacarrier |
||
| 504 | _aيشتمل على إرجاعات ببليوجرافية. | ||
| 505 | 0 | _aالجزء الأول -- الجزء الثاني -- الجزء الثالث -- الجزء الرابع. | |
| 650 | 7 |
_aالإمبراطورية العثمانية _xتاريخ. _2BUEsh |
|
| 655 | _vReading book | ||
| 942 |
_cBB _2ddc |
||
| 999 |
_c6764 _d6764 |
||